Регионална библиотека "Любен Каравелов" - Русе

Примери и задачи по теоретични основи на електротехниката (Запис номер 3135)

MARC детайли
000 -Лидер
Контролно поле с фиксирана дължина 01490nam a2200337 c 4500
003 - Код на организацията, давaща контролен номер
Контролно поле BLK
005 - Дата и час на последна редакция
Контролно поле 20180420213632.0
008 - Елементи от данни с фиксирана дължина
fixed length control field 180412b bul|||||r ||||||| ||bul||
010 ## - Наследен системен номер
LC control number KNG00004195000
020 ## - Международен стандартен номер на книга ISBN
Международен стандартен номер на книга ISBN 954-03-0240-4
-- издат.: Техника
040 ## - Източник на каталожния запис
Идентификатор на билиотеката - собственик на записа BLK
041 ## - Код за език
Код за езика на текст/звукозапис или на отделно заглавие Български
Код за езика КДБФ Български
080 ## - УДК
Текстов определител УДК Електротехника
УДК код - определител по УДК 621.3
УДК определител .01(075.8)
УДК - код + определител 621.3.01(075.8)
139 ## - Редно поле
Редна дума Станев, Илия Влайков
Авторски знак Влайков - В 71
245 10 - Сведения за заглавието
Заглавие Примери и задачи по теоретични основи на електротехниката
Подзаглавни данни [За студентите от ТУ В. Априлов - Габрово и ТУ - Варна] : Ч. 1 - 2
Редно поле (дума) под общ. ред. на Илия Влайков Станев.
Том Ч. 1
257 ## - Страна на издаване
Страна на създаване/издаване България
260 ## - Област на издателските данни
-- София
Име на издателя, разпространителя и проч. Техника
Година на издаване 1993 - 1994
300 ## - Физическа характеристика
Размери/Мащаб 22 см
380 ## - Жанр
Жанр Техника
500 ## - Общи забележки
Забележка Деп. списък: 42 ; 2 050 тир
650 #4 - Допълнително описание по предмет – тема
Основно описание – тема или топоним Електротехника - задачи - учебници за ВУЗ
9 (RLIN) 243876
653 ## - Ключова дума – ненормативна
Ключова дума задачи
653 ## - Ключова дума – ненормативна
Ключова дума основи
700 1# - Други автори (авторска отговорност)
Лично име Станев, Илия Влайков
Автороска отговорност (Описва отношението между автора и произведението) под общ. ред. на
9 (RLIN) 246831
760 1# - Описание на основната серия
Място на издаване, издател и година 1993 (џ¬Ў
Страници - том 236 с. : със сх., черт. : със сх.,
Забележка - том Други авт.: Д. П. Петров, Г. Г. Дишлиев, Р. Т. Пенова
Заглавие Ч. 1
852 ## - Местоположение
Форматна сигнатура Цб 177781
856 4# - Електронен адрес и достъп
Електронен формат pdf - файл
Път до файла /url/
856 4# - Електронен адрес и достъп
Електронен формат pdf - файл
Път до файла /url/
942 ## - АРТИКУЛИ
Вид на библиотечния материал Книги
Скрит в OPAC Не
944 ## - СЪЗДАВАНЕ И РЕДАКЦИЯ на ЗАПИСА
Създаване/Редакция Създаване
Дата на регистрацията/редакция 15.01.2003
Служител, извършил регистрацията/редакцията AB_DOS
944 ## - СЪЗДАВАНЕ И РЕДАКЦИЯ на ЗАПИСА
Създаване/Редакция Редакция
Дата на регистрацията/редакция 11.01.2017
Служител, извършил регистрацията/редакцията Сечил_Томаш
999 ## - СИСТЕМНИ КОНТРОЛНИ НОМЕРА
Koha biblionumber 3135
Koha biblioitemnumber 3135
Наличности
Код за отписване Код за изгубен артикул Източник на класификационната схема Код за повреда Коз за рестрикции Код за отдаване Артикулен № Име на библиотеката - собственик Име на библиотеката, в която се намира в момента Статус (Текущо местоположение) Местоположение - отдел Цена в лева Инвентарен номер Систематично азбучна сигнатура Баркод Номер на екземпляра Цена в евро Служебна бележка Служебен тип на артикула Дата на вписване в системата
Изтеглен Не е изгубен Universal Decimal Classification Не е повреден без рестрикции заемане за дома 5696 Регионална библиотека "Любен Каравелов" Русе Регионална библиотека "Любен Каравелов" Русе Заемна - подръчен фонд Заемна - подръчен фонд 5.60 616268 Цб 177781 616268 1 2.86 Дата инв: 06.02.2018 Бележки инв: П2018 Книги  
  Не е изгубен Universal Decimal Classification Не е повреден без рестрикции ползва се в читалня 784009 Регионална библиотека "Любен Каравелов" Русе Регионална библиотека "Любен Каравелов" Русе Хранилище Хранилище 68.00 594058 Цб 177781 120000594058   34.77   Книги 2020-07-14
Vip Innovations Ltd, Rousse, Bulgaria 2025